| 000 | 00000nam##2200000za#4500 |
| 001 | 9.618293 |
| 003 | CaOODSP |
| 005 | 20210615102731 |
| 007 | ta |
| 008 | 150406|2007||||xxc||||| f|0| 0 eng|d |
| 022 | |a0706-6457 |
| 040 | |aCaOODSP|beng |
| 043 | |an-cn--- |
| 086 | 1 |aFs97-6/2684E |
| 110 | 1 |aCanada. |bDepartment of Fisheries and Oceans. |
| 245 | 14|aThe predation of zooplankton by the blue mussel (Mytilus edulis) and the clubbed tunicate (Styela clava) / |cby A.R. LeBlanc ... [et al.] |
| 260 | |aMoncton - New Brunswick : |bFisheries and Oceans Canada |c2007. |
| 300 | |avii, 18p. : |bgraphs, references, table ; |c28 cm. |
| 490 | 1 |aCanadian technical report of fisheries and aquatic sciences|x0706-6457|vNo. 2684 |
| 500 | |a"Department of Fisheries and Oceans, Gulf Fisheries Centre, Science Branch, P.O. Box 5030, Moncton, New Brunswick, E1C 9B6". |
| 520 | 3 |aThis report is part of a series containing scientific and technical information that widens existing scientific knowledge but is not considered appropriate for publication in the primary literature. The research covers such subjects as ecosystem models, methods for enhancing aquaculture, commercial fishing equipment, and environmental threats to aquatic quality and fisheries resources. Includes tables, graphs, and charts. |
| 546 | |a(Résumé en français.) |
| 563 | |aSoftcover |
| 590 | |a07-18|b2007-05-04 |
| 690 | 07|aAquatic plants|2gcpds |
| 690 | 07|aAtlantic provinces|2gcpds |
| 690 | 07|aShellfish|2gcpds |
| 720 | 1 |aLeBlanc, A. R. |
| 776 | 0#|tThe predation of zooplankton by the blue mussel (Mytilus edulis) and the clubbed tunicate (Styela clava) / |w(CaOODSP)9.574224 |
| 830 | #0|aCanadian technical report of fisheries and aquatic sciences,|x0706-6457|vNo. 2684|w(CaOODSP)9.514691 |
| 986 | |aMG-01-06-029 |